000 00806 a2200241 4500
001 60602
005 20260407155857.0
008 260407a2000 arg spa d
003 AR-UNSa-BCEJYS
040 _aAR-UNSa-BCEJYS
_bspa
_cAR-UNSa-BCEJYS
080 _a329.15
_xCorriente comunista
245 1 0 _aManifiesto del partido comunista
020 _a978-84-7030-865-9
264 1 _aMadrid :
_bBiblioteca Nueva
_c2000
300 _a125 p.
_c21 cm.
505 _a1. Burgueses y proletarios - 2. Proletarios y comunistas - 3. Literatura socialista y cominista - 4. Posición de los comunistas frente a los diversos partidos opositores
041 _aspa
942 _cBK
590 _aniveau_biblio:m niveau_hierar:0
100 1 _aMarx, Karl
700 1 _aEngels, Friedrich
700 1 _aMuñoz, Jacobo
999 _c7060
_d7060